Water soluble resins and polymers: Technology and applications (Record no. 24997)

MARC details
000 -LEADER
fixed length control field 00311nam a2200109Ia 4500
082 ## - DEWEY DECIMAL CLASSIFICATION NUMBER
Classification number 665.94
Item number MEL
100 ## - MAIN ENTRY--AUTHOR NAME
Personal name Meltzer, Yale L
245 #0 - TITLE STATEMENT
Title Water soluble resins and polymers: Technology and applications
260 ## - PUBLICATION, DISTRIBUTION, ETC. (IMPRINT)
Place of publication New Jersey
Name of publisher Noyes Data
Year of publication 1976
942 ## - ADDED ENTRY ELEMENTS (KOHA)
Koha item type Books
Holdings
Withdrawn status Lost status Damaged status Not for loan Home library Current library Date acquired Full call number Accession Number Koha item type
        RRII Library RRII Library 16/12/2021 665.94 MEL 05661 Books